La maschia - L'odalisco - L'animalo
Salvato in:
| Autore principale: | |
|---|---|
| Natura: | Libro |
| Lingua: | lingua imprecisata |
| Pubblicazione: |
Salerno
Sottotraccia
1995
|
| Tags: |
Nessun Tag, puoi essere il primo ad aggiungerne!!
|
MARC
| LEADER | 00000nam a2200000Ia 4500 | ||
|---|---|---|---|
| 001 | 119 | ||
| 003 | NUMERAZIONE-ORIGINALE-BRESCIA | ||
| 005 | 20260206230748.0 | ||
| 008 | 260206s9999 xx 000 0 und d | ||
| 100 | |a Pescatori Vittorio | ||
| 245 | 0 | |a La maschia - L'odalisco - L'animalo | |
| 260 | |a Salerno | ||
| 260 | |b Sottotraccia | ||
| 260 | |c 1995 | ||
| 500 | |a Qui/Ora | ||
| 500 | |a Tre romanzi | ||
| 942 | |2 ddc |c BK |n 0 | ||
| 952 | |0 0 |1 0 |2 ddc |4 0 |6 26 |7 0 |9 28308 |a BS |b BS |d 2026-02-06 |i 119 |l 0 |o 2-6-* |r 2026-02-06 22:40:32 |w 2026-02-06 |x [REVISIONARE] |y BK | ||
| 999 | |c 24001 |d 24001 | ||